000 00215 a2200097 4500
001 12941
100 _aFouda Yosri
245 _aMaster Minds of Terror
260 _a
_bMainstream publishing
_c
090 _c9932
_d9932
942 _aNUST-CAE
_cM
_c36858
999 _c248014
_d248014